01304 a2200193 45000010006000000050017000060080041000230030015000640400040000790800040001192450055001592640045002143000019002595050728002781000032010067000024010387000019010627000029010812299520260407155520.0260407a1967 arg spa dAR-UNSa-BCEJYS aAR-UNSa-BCEJYSbspacAR-UNSa-BCEJYS a338.5.01xTeorías de los precios 10aEjercicios y problemas sobre teoria de los precios 1aBuenos Aires :bAmorrortu Editoresc1967 a128 p.c22 cm. a1. Técnicas matemáticas y gráficas - 2. La demanda y el precio en la competencia perfecta - 3. Aplicación a la demanda de los conceptos totales, medios, marginales y de elasticidad - 4. Teoría de la demanda; enfoque clásico de la utilidad - 5. Teoría de la demanda; enfoque de las curvas de indiferencia - 6. Estructura de mercado - 7. Teoría de la producción - 8. Costos de producción - 9. Decisiones sobre precios y volumen de producción en la competencia perfecta - 10. Decisiones sobre precios y volumen de producción en el monopolio - 11. Decisiones sobre precios y volumen de producción en la competencia monopólica y en el oligopolio - 12. Determinación de los precios de los factores. 1 aFernández López, Manuel1 aLevenson, Albert M.1 aSolon, Babette1 aOyuela de Grant, Antonia